000 00387nam a2200157Ia 4500
008 230711s9999||||xx |||||||||||||| ||und||
041 _aENG
082 _a624
_bJO-S
100 _aJoshi,P.B
245 0 _aSteam tables with mollier diagram
250 _a1st
260 _c1994
_aNew Delhi
_bWiley Eastern Limited
650 _aMechanical Engineering
700 _aTumne,U.S
942 _cBK
999 _c2697
_d2697